[Event "4NCL (GBR-chT 9394)"]
[Site "London, Barbican"]
[Date "1993.10.02"]
[Round "1.8"]
[White "Houska, Jovanka"]
[Black "Griffiths, Kathy"]
[Result "1/2-1/2"]
[WhiteElo "1872"]
[BlackElo "2005"]
[PlyCount "78"]
[EventDate "1993.10.02"]
[EventType "team"]
[EventCountry "ENG"]
[WhiteTeam "Slough"]
[BlackTeam "North West Eagles"]
[WhiteTeamCountry "ENG"]
[BlackTeamCountry "ENG"]

1. e4 c5 2. Nf3 Nc6 3. Bb5 d6 4. O-O Bd7 5. Re1 Nf6 6. d3 e6 7. Nbd2 Qc7 8. c3
Be7 9. Qe2 O-O 10. Nb3 Ne5 11. Bxd7 Nfxd7 12. Nxe5 Nxe5 13. d4 cxd4 14. cxd4
Ng6 15. Bd2 Qd7 16. Rac1 Rfc8 17. Qf3 Rxc1 18. Rxc1 Rc8 19. Rxc8+ Qxc8 20. Qc3
Qd7 21. Be3 b6 22. Nc1 d5 23. exd5 Qxd5 24. Qc7 Bd6 25. Qc8+ Nf8 26. Qa6 Bb8
27. Qc8 Qd6 28. g3 Qc7 29. Qe8 Qb7 30. Nd3 Bd6 31. Qd8 Qc7 32. Qxc7 Bxc7 33.
Nb4 Nd7 34. Kg2 Kf8 35. Kf3 Nb8 36. Bf4 Bxf4 37. Kxf4 Ke7 38. Ke4 Kd6 39. Kd3
a5 1/2-1/2

[Event "4NCL (GBR-chT 9394)"]
[Site "London, Barbican"]
[Date "1993.10.03"]
[Round "2.1"]
[White "Summerscale, Aaron"]
[Black "Chandler, Murray"]
[Result "1/2-1/2"]
[WhiteElo "2355"]
[BlackElo "2565"]
[PlyCount "40"]
[EventDate "1993.10.03"]
[EventType "team"]
[EventCountry "ENG"]
[WhiteTeam "Slough"]
[BlackTeam "Barbican"]
[WhiteTeamCountry "ENG"]
[BlackTeamCountry "ENG"]

1. Nf3 c5 2. g3 Nc6 3. Bg2 g6 4. c3 Bg7 5. d4 cxd4 6. cxd4 d5 7. Nc3 Nh6 8. O-O
Nf5 9. e3 O-O 10. b3 e6 11. Ba3 Re8 12. Qd2 b6 13. Rfc1 Bb7 14. Rc2 Rc8 15.
Rac1 h5 16. h4 Bh6 17. Nb5 Qd7 18. Bh3 Ba6 19. Bxf5 Bxb5 20. Bd3 a6 1/2-1/2

[Event "4NCL (GBR-chT 9394)"]
[Site "London, Barbican"]
[Date "1993.10.03"]
[Round "2.2"]
[White "Hebden, Mark"]
[Black "Taulbut, Shaun"]
[Result "1-0"]
[WhiteElo "2560"]
[BlackElo "2450"]
[PlyCount "80"]
[EventDate "1993.10.03"]
[EventType "team"]
[EventCountry "ENG"]
[WhiteTeam "Barbican"]
[BlackTeam "Slough"]
[WhiteTeamCountry "ENG"]
[BlackTeamCountry "ENG"]

1. d4 Nf6 2. Nf3 e6 3. c4 Bb4+ 4. Bd2 Qe7 5. g3 Nc6 6. Nc3 d5 7. Bg2 O-O 8. a3
Bxc3 9. Bxc3 Rd8 10. O-O a5 11. Qc2 a4 12. Ne5 Bd7 13. Rad1 h6 14. e3 Be8 15.
f4 Nh7 16. Qe2 f5 17. cxd5 exd5 18. g4 fxg4 19. Qxg4 Nf6 20. Qh4 Ne4 21. Qxe7
Nxe7 22. f5 Bh5 23. Rc1 Nxc3 24. bxc3 Rf8 25. Rf2 Rxf5 26. Bxd5+ Kh8 27. Bxb7
Rxf2 28. Kxf2 Rf8+ 29. Kg1 g5 30. Be4 Rb8 31. Nc6 Nxc6 32. Bxc6 Rb3 33. Bxa4
Rxa3 34. Bc6 Ra2 35. Bg2 Re2 36. e4 Bg6 37. Bf3 Rd2 38. e5 h5 39. h3 Kg7 40. d5
g4 {time} 1-0

[Event "4NCL (GBR-chT 9394)"]
[Site "London, Barbican"]
[Date "1993.10.03"]
[Round "2.3"]
[White "Richardson, John"]
[Black "Wells, Peter"]
[Result "0-1"]
[WhiteElo "2288"]
[BlackElo "2455"]
[PlyCount "78"]
[EventDate "1993.10.03"]
[EventType "team"]
[EventCountry "ENG"]
[WhiteTeam "Slough"]
[BlackTeam "Barbican"]
[WhiteTeamCountry "ENG"]
[BlackTeamCountry "ENG"]

1. d4 d5 2. c4 e6 3. Nf3 Nf6 4. Nc3 c6 5. Bg5 dxc4 6. e3 b5 7. a4 a6 8. Ne5 Bb7
9. Qf3 Be7 10. axb5 axb5 11. Rxa8 Bxa8 12. Be2 O-O 13. O-O Nd5 14. Bxe7 Qxe7
15. Ra1 Bb7 16. Bd1 f6 17. Ng4 h5 18. Nh6+ gxh6 19. Qxh5 Na6 20. Qxh6 Qg7 21.
Qh3 f5 22. Bf3 Ndb4 23. Ne2 Rf6 24. Qh4 Rh6 25. Qd8+ Qf8 26. Qg5+ Kh7 27. e4 c5
28. d5 Qg7 29. Qf4 Nd3 30. Qe3 Qxb2 31. Rd1 Qe5 32. dxe6 fxe4 33. Bg4 Qxh2+ 34.
Kf1 Qe5 35. Ng3 Rf6 36. Rd2 Qd4 37. Bf5+ Rxf5 38. Nxf5 Qa1+ 39. Ke2 Qe1# 0-1

[Event "4NCL (GBR-chT 9394)"]
[Site "London, Barbican"]
[Date "1993.10.03"]
[Round "2.5"]
[White "Webb, Richard M"]
[Black "Britton, Richard"]
[Result "0-1"]
[WhiteElo "2280"]
[BlackElo "2305"]
[PlyCount "64"]
[EventDate "1993.10.03"]
[EventType "team"]
[EventCountry "ENG"]
[WhiteTeam "Slough"]
[BlackTeam "Barbican"]
[WhiteTeamCountry "ENG"]
[BlackTeamCountry "ENG"]

1. e4 c5 2. Nf3 d6 3. d3 Nc6 4. g3 g6 5. Bg2 Bg7 6. O-O e5 7. Nbd2 Nge7 8. a4
O-O 9. Nc4 b6 10. c3 h6 11. Rb1 Be6 12. Re1 Qc7 13. b4 Rad8 14. Qc2 f5 15. exf5
gxf5 16. b5 Nb8 17. Qe2 Ng6 18. Ba3 Rfe8 19. Rbc1 Bf7 20. Ne3 Be6 21. Bh3 Qf7
22. c4 Nd7 23. Nd2 Rf8 24. Rf1 Rde8 25. f3 h5 26. Kg2 Qf6 27. Kh1 Bh6 28. Rg1
Kh7 29. Ng2 h4 30. g4 fxg4 31. fxg4 Bxd2 32. Qxd2 Qf3 0-1

[Event "4NCL (GBR-chT 9394)"]
[Site "London, Barbican"]
[Date "1993.10.03"]
[Round "2.6"]
[White "Lewis, Andrew P"]
[Black "MacDonald-Ross, Michael"]
[Result "1-0"]
[WhiteElo "2330"]
[BlackElo "2064"]
[PlyCount "63"]
[EventDate "1993.10.03"]
[EventType "team"]
[EventCountry "ENG"]
[WhiteTeam "Barbican"]
[BlackTeam "Slough"]
[WhiteTeamCountry "ENG"]
[BlackTeamCountry "ENG"]

1. c4 d6 2. Nc3 e5 3. g3 Nf6 4. Bg2 g6 5. e4 Bg7 6. Nge2 O-O 7. O-O Nc6 8. d3
Ne8 9. Rb1 a5 10. a3 Nd4 11. Nxd4 exd4 12. Ne2 a4 13. f4 f5 14. exf5 gxf5 15.
b4 axb3 16. Rxb3 Ra7 17. Kh1 Kh8 18. Ng1 Nf6 19. Nf3 c5 20. Ng5 d5 21. cxd5
Nxd5 22. Qh5 h6 23. Nf7+ Rxf7 24. Qxf7 Ne3 25. Bxe3 dxe3 26. Re1 Bd4 27. Qg6
Ra6 28. Qh5 Qg8 29. Reb1 Qe6 30. Bf3 Rd6 31. a4 Rd8 32. Rb6 1-0

[Event "4NCL (GBR-chT 9394)"]
[Site "London, Barbican"]
[Date "1993.10.03"]
[Round "2.7"]
[White "Smith, Andrew P"]
[Black "Sands, David"]
[Result "1-0"]
[WhiteElo "2290"]
[BlackElo "2230"]
[PlyCount "115"]
[EventDate "1993.10.03"]
[EventType "team"]
[EventCountry "ENG"]
[WhiteTeam "Slough"]
[BlackTeam "Barbican"]
[WhiteTeamCountry "ENG"]
[BlackTeamCountry "ENG"]

1. e4 c5 2. Nf3 Nc6 3. d4 cxd4 4. Nxd4 Nf6 5. Nc3 d6 6. Bg5 Bd7 7. Bxf6 gxf6 8.
Nf5 Qa5 9. Bb5 O-O-O 10. O-O Kb8 11. a3 e6 12. Ne3 h5 13. b4 Qb6 14. Bxc6 Bxc6
15. b5 Be8 16. a4 Qc5 17. Qd3 Bg7 18. Ne2 f5 19. Rad1 fxe4 20. Qxe4 d5 21. Qh4
Qd6 22. Nd4 Bd7 23. c4 Rhg8 24. cxd5 exd5 25. Ndf5 Bxf5 26. Nxf5 Qe5 27. Nxg7
Qxg7 28. g3 Qg4 29. Rd4 Qxh4 30. Rxh4 Rg5 31. Rd1 Kc7 32. Rf4 Rd7 33. Kg2 Kb6
34. Kf3 Re5 35. Rdd4 Kc5 36. g4 hxg4+ 37. Kxg4 f5+ 38. Kg5 Re4 39. Rdxe4 fxe4
40. h4 Kd4 41. h5 Rg7+ 42. Kf6 Rg2 43. h6 Rh2 44. Kg7 Rg2+ 45. Kh8 Ke5 46. Rf7
b6 47. h7 d4 48. Rxa7 d3 49. Rd7 Rxf2 50. a5 bxa5 51. b6 Ke6 52. Rd8 d2 53. b7
d1=Q 54. Rxd1 Rb2 55. Rd7 Kxd7 56. Kg7 Rxb7 57. h8=Q Ke6+ 58. Kg6 1-0

[Event "4NCL (GBR-chT 9394)"]
[Site "London, Barbican"]
[Date "1993.10.03"]
[Round "2.8"]
[White "Regan, Natasha"]
[Black "Houska, Jovanka"]
[Result "1-0"]
[WhiteElo "2140"]
[BlackElo "1872"]
[PlyCount "129"]
[EventDate "1993.10.03"]
[EventType "team"]
[EventCountry "ENG"]
[WhiteTeam "Barbican"]
[BlackTeam "Slough"]
[WhiteTeamCountry "ENG"]
[BlackTeamCountry "ENG"]

1. f4 d5 2. Nf3 Nf6 3. g3 Bf5 4. d3 e6 5. Bg2 Nbd7 6. Nc3 c6 7. e3 Bc5 8. Qe2
Bb4 9. a3 Bxc3+ 10. bxc3 Nc5 11. O-O O-O 12. a4 Re8 13. Ne5 Qa5 14. Bd2 Qc7 15.
g4 Bg6 16. h4 h6 17. h5 Bh7 18. g5 hxg5 19. fxg5 Qxe5 20. gxf6 Nd7 21. fxg7
Qxg7 22. Rf4 Kf8 23. Raf1 Re7 24. c4 a5 25. Rg4 Qb2 26. e4 f5 27. cxd5 exd5 28.
Bc1 Qd4+ 29. Be3 Qe5 30. Qf2 Nf6 31. Rg5 Ke8 32. Bd4 Qe6 33. exf5 Qf7 34. h6
Qf8 35. Rg7 Rxg7 36. hxg7 Qxg7 37. Qe1+ Kf8 38. Qe6 Re8 39. Qxf6+ Qxf6 40. Bxf6
Re2 41. Rf2 Re1+ 42. Kh2 Kf7 43. Bc3 Rb1 44. Rf1 Rxf1 45. Bxf1 Bxf5 46. Kg3 Ke6
47. Bxa5 Kd6 48. Kf4 Bh7 49. Bb6 c5 50. c3 Kc6 51. a5 Kb5 52. Ke5 c4 53. dxc4+
dxc4 54. Kd4 Bg8 55. Bg2 Ka6 56. Bd5 Bxd5 57. Kxd5 Kb5 58. Bd8 Ka6 59. Kxc4 Ka7
60. Kb5 Ka8 61. a6 bxa6+ 62. Kxa6 Kb8 63. Kb6 Kc8 64. Bc7 Kd7 65. Kb7 1-0

[Event "4NCL (GBR-chT 9394)"]
[Site "London, Barbican"]
[Date "1993.10.03"]
[Round "2.1"]
[White "Burgess, Graham"]
[Black "Littlewood, Paul"]
[Result "0-1"]
[WhiteElo "2300"]
[BlackElo "2460"]
[PlyCount "80"]
[EventDate "1993.10.03"]
[EventType "team"]
[EventCountry "ENG"]
[WhiteTeam "Bristol"]
[BlackTeam "Covent Garden"]
[WhiteTeamCountry "ENG"]
[BlackTeamCountry "ENG"]

1. d4 Nf6 2. Nf3 g6 3. c4 Bg7 4. Nc3 O-O 5. e4 d6 6. Be2 e5 7. O-O Nbd7 8. Re1
c6 9. Bf1 Re8 10. d5 c5 11. a3 h6 12. g3 Nh7 13. Bd2 Ng5 14. Nxg5 hxg5 15. Bh3
Nf8 16. Bxc8 Rxc8 17. Qe2 Nh7 18. b4 b6 19. bxc5 bxc5 20. Reb1 Qd7 21. Rb5 g4
22. Rab1 f5 23. Rb7 Rc7 24. Rb8 Rxb8 25. Rxb8+ Rc8 26. Rxc8+ Qxc8 27. f3 gxf3
28. Qxf3 Nf6 29. Bg5 fxe4 30. Qf1 Nh7 31. Be3 Qa6 32. Nb5 Nf8 33. Bg5 e3 34.
Be7 Qb7 35. Bxd6 a6 36. Nc3 Qb2 37. Ne2 Nd7 38. Qf3 Qd2 39. Be7 e4 40. Qxe4
Qe1+ 0-1

[Event "4NCL (GBR-chT 9394)"]
[Site "London, Barbican"]
[Date "1993.10.03"]
[Round "2.2"]
[White "Agnos, Demetrios"]
[Black "Baker, Chris"]
[Result "1/2-1/2"]
[WhiteElo "2430"]
[BlackElo "2260"]
[PlyCount "129"]
[EventDate "1993.10.03"]
[EventType "team"]
[EventCountry "ENG"]
[WhiteTeam "Covent Garden"]
[BlackTeam "Bristol"]
[WhiteTeamCountry "ENG"]
[BlackTeamCountry "ENG"]

1. e4 e5 2. Nf3 Nc6 3. Bb5 a6 4. Ba4 Nf6 5. O-O Be7 6. Re1 b5 7. Bb3 O-O 8. c3
d5 9. exd5 Nxd5 10. Nxe5 Nxe5 11. Rxe5 Bb7 12. d4 Bf6 13. Re1 Qd7 14. Be3 Rfe8
15. Nd2 c5 16. dxc5 Nxe3 17. Rxe3 Rxe3 18. fxe3 Qe7 19. Nf1 Rd8 20. Qg4 Qxc5
21. Rd1 Rxd1 22. Qxd1 Qc6 23. Qd2 Bg5 24. Bd1 Qe6 25. a4 Bd5 26. axb5 axb5 27.
Bf3 Bc4 28. Qd4 Bxf1 29. Kxf1 Qxe3 30. Qxe3 Bxe3 31. Ke2 Bf4 32. b4 Bxh2 33.
Bc6 Bd6 34. Bxb5 f5 35. Kd3 Kf7 36. Kd4 Ke6 37. Bc4+ Kd7 38. Bg8 h5 39. Kd5 Kc7
40. Bf7 h4 41. Bg6 f4 42. Bf5 Be7 43. Bg4 Kb6 44. Kc4 Bf6 45. Kb3 g5 46. c4 Kc6
47. Bf3+ Kd6 48. c5+ Ke5 49. Kc4 Kf5 50. b5 g4 51. Be2 f3 52. gxf3 g3 53. Bf1
Kf4 54. b6 Bd8 55. Bg2 Ke3 56. Kb5 Kf2 57. c6 Bxb6 58. Kxb6 Kxg2 59. c7 h3 60.
c8=Q h2 61. Qc2+ Kg1 62. Qd1+ Kg2 63. Qe2+ Kh3 64. Qe1 Kg2 65. Qd2+ 1/2-1/2

[Event "4NCL (GBR-chT 9394)"]
[Site "London, Barbican"]
[Date "1993.10.03"]
[Round "2.3"]
[White "Truran, Michael"]
[Black "Pein, Malcolm"]
[Result "0-1"]
[WhiteElo "2272"]
[BlackElo "2420"]
[PlyCount "143"]
[EventDate "1993.10.03"]
[EventType "team"]
[EventCountry "ENG"]
[WhiteTeam "Bristol"]
[BlackTeam "Covent Garden"]
[WhiteTeamCountry "ENG"]
[BlackTeamCountry "ENG"]

1. d4 Nf6 2. c4 g6 3. Nc3 d5 4. cxd5 Nxd5 5. e4 Nxc3 6. bxc3 Bg7 7. Nf3 c5 8.
Be3 O-O 9. Qd2 Bg4 10. Rc1 Qa5 11. d5 f5 12. exf5 Bxf3 13. gxf3 Rxf5 14. Bh3
Rxf3 15. Bg4 Rf8 16. Be6+ Kh8 17. h4 Qa4 18. Qd3 Nd7 19. Bxd7 Qxd7 20. h5 Qf5
21. Qxf5 gxf5 22. Bxc5 Rfd8 23. c4 Rac8 24. Ba3 b5 25. cxb5 Rxc1+ 26. Bxc1 Rxd5
27. a4 Rd4 28. h6 Bf6 29. a5 Rb4 30. Ke2 Rxb5 31. Rd1 Kg8 32. Rd8+ Kf7 33. Bd2
Rb2 34. Ke1 Rc2 35. Rd7 a6 36. Kd1 Rc6 37. Ke2 Re6+ 38. Kf3 Rd6 39. Rxd6 exd6
40. Kf4 Kg6 41. Bb4 Be5+ 42. Ke3 Kxh6 43. f4 Bf6 44. Bxd6 Bd8 45. Bb4 Kh5 46.
Kf3 Kg6 47. Be1 h5 48. Ke3 Kf7 49. Kd4 Ke6 50. Bd2 Bh4 51. Ke3 Kd5 52. Kd3 Bd8
53. Be1 Be7 54. Bd2 Bc5 55. Be1 Bd6 56. Bd2 Bc7 57. Ke3 Kc4 58. Be1 Bd6 59. Bh4
Bc5+ 60. Ke2 Bb4 61. Bd8 Kb5 62. Kd3 Bxa5 63. Be7 Bb6 64. Bh4 a5 65. Kc3 a4 66.
Be7 Bc5 67. Bf6 Be3 68. Bg5 Bc5 69. Bf6 Bd6 70. Bg5 Kc5 71. Kd3 a3 72. Kc3 0-1

[Event "4NCL (GBR-chT 9394)"]
[Site "London, Barbican"]
[Date "1993.10.03"]
[Round "2.4"]
[White "Harley, Andrew"]
[Black "Beaumont, Chris"]
[Result "1-0"]
[WhiteElo "2315"]
[BlackElo "2365"]
[PlyCount "57"]
[EventDate "1993.10.03"]
[EventType "team"]
[EventCountry "ENG"]
[WhiteTeam "Covent Garden"]
[BlackTeam "Bristol"]
[WhiteTeamCountry "ENG"]
[BlackTeamCountry "ENG"]

1. e4 d6 2. d4 Nf6 3. Nc3 g6 4. f4 Bg7 5. Nf3 O-O 6. Bd3 Na6 7. O-O c5 8. d5
Bg4 9. Bc4 Nc7 10. h3 Bxf3 11. Qxf3 e6 12. dxe6 fxe6 13. Rd1 Qe7 14. Be3 Rad8
15. e5 dxe5 16. Qxb7 Nfd5 17. Nxd5 exd5 18. Rxd5 Rxd5 19. Bxd5+ Kh8 20. Bf3
exf4 21. Bf2 Qd6 22. Qxa7 Ne6 23. c3 Rb8 24. Rd1 Qf8 25. Rd2 Ng5 26. Bxc5 Nxf3+
27. gxf3 Qe8 28. Qe7 Qc6 29. Rd8+ 1-0

[Event "4NCL (GBR-chT 9394)"]
[Site "London, Barbican"]
[Date "1993.10.03"]
[Round "2.5"]
[White "Brooks, Philip"]
[Black "Levitt, Mark"]
[Result "1/2-1/2"]
[WhiteElo "2192"]
[BlackElo "2345"]
[PlyCount "119"]
[EventDate "1993.10.03"]
[EventType "team"]
[EventCountry "ENG"]
[WhiteTeam "Bristol"]
[BlackTeam "Covent Garden"]
[WhiteTeamCountry "ENG"]
[BlackTeamCountry "ENG"]

1. d4 Nf6 2. c4 d6 3. Nc3 e5 4. d5 Be7 5. e4 O-O 6. Bd3 c6 7. Nf3 a6 8. O-O
cxd5 9. cxd5 b5 10. a3 Bg4 11. h3 Bxf3 12. Qxf3 Nfd7 13. b4 Bg5 14. a4 bxa4 15.
Rxa4 Nb6 16. Ra3 Bxc1 17. Rxc1 Qg5 18. Rca1 Rc8 19. Qe2 g6 20. Kh2 f5 21. Bxa6
Nxa6 22. Rxa6 Rab8 23. Nb5 Qf4+ 24. g3 Qxe4 25. Qxe4 fxe4 26. Nxd6 Rf8 27. Nxe4
Nxd5 28. Re6 Rxb4 29. Rxe5 Nf6 30. Nxf6+ Rxf6 31. Ra8+ Rf8 32. Rxf8+ Kxf8 33.
Ra5 Rb7 34. Ra6 Kg7 35. g4 Rf7 36. Kg3 Rb7 37. h4 Rb3+ 38. f3 Rb7 39. g5 Rb5
40. Ra7+ Kg8 41. Re7 Ra5 42. Kf4 Rb5 43. Kg4 Rb4+ 44. Re4 Rb1 45. Ra4 Rh1 46.
Ra3 Kg7 47. f4 Rg1+ 48. Rg3 Rf1 49. Rh3 h6 50. Rb3 Rg1+ 51. Kf3 Rh1 52. Rb7+
Kh8 53. Ke4 Rxh4 54. Ke5 hxg5 55. fxg5 Ra4 56. Kf6 Kg8 57. Kxg6 Ra6+ 58. Kh5
Rc6 59. g6 Rc1 60. Rb5 1/2-1/2

[Event "4NCL (GBR-chT 9394)"]
[Site "London, Barbican"]
[Date "1993.10.03"]
[Round "2.6"]
[White "Duncan, Chris"]
[Black "Richmond, Peter"]
[Result "1/2-1/2"]
[WhiteElo "2280"]
[BlackElo "2215"]
[PlyCount "131"]
[EventDate "1993.10.03"]
[EventType "team"]
[EventCountry "ENG"]
[WhiteTeam "Covent Garden"]
[BlackTeam "Bristol"]
[WhiteTeamCountry "ENG"]
[BlackTeamCountry "ENG"]

1. e4 c5 2. Nc3 e6 3. Nf3 Nc6 4. g3 Nf6 5. Bg2 d5 6. d3 dxe4 7. Nxe4 Nxe4 8.
dxe4 Qxd1+ 9. Kxd1 b6 10. c3 Ba6 11. Kc2 O-O-O 12. Ne1 Be7 13. Be3 Ne5 14. f3
Rd7 15. Rd1 Rxd1 16. Kxd1 Rd8+ 17. Kc2 Be2 18. b3 Ba6 19. Bf4 Ng6 20. Bc1 Ne5
21. h3 Nd3 22. Be3 Ne5 23. f4 Nd7 24. Nd3 Bb7 25. Re1 Nf6 26. Bf2 Nd7 27. Bh1
Bd6 28. Nb2 Bc7 29. Nc4 Bb8 30. Nd2 Nf6 31. c4 Ng8 32. e5 Bxh1 33. Rxh1 Ne7 34.
Ne4 h6 35. g4 Nc6 36. a3 Nd4+ 37. Bxd4 Rxd4 38. Re1 Kd7 39. Rd1 Rxd1 40. Kxd1
Kc6 41. Ke2 Kd7 42. Kf3 Ke7 43. Ng3 Bc7 44. Nh5 Kf8 45. Ke4 Bd8 46. Ng3 Bh4 47.
Ne2 Be1 48. Ng1 Ke7 49. Nf3 Bc3 50. h4 Bb2 51. a4 Bc1 52. h5 Bb2 53. Ne1 Bc1
54. Nd3 Ba3 55. Kf3 f5 56. exf6+ gxf6 57. Ke4 Bb4 58. f5 Bd2 59. Nf2 Be1 60.
Nh3 Bd2 61. Ng1 Be1 62. Nf3 Bf2 63. Nd2 Bd4 64. Nf1 Bf2 65. Kf3 Be1 66. Ke4
1/2-1/2

[Event "4NCL (GBR-chT 9394)"]
[Site "London, Barbican"]
[Date "1993.10.03"]
[Round "2.7"]
[White "Headlong, Tim"]
[Black "Griffiths, Paul V"]
[Result "1-0"]
[WhiteElo "2152"]
[BlackElo "2200"]
[PlyCount "47"]
[EventDate "1993.10.03"]
[EventType "team"]
[EventCountry "ENG"]
[WhiteTeam "Bristol"]
[BlackTeam "Covent Garden"]
[WhiteTeamCountry "ENG"]
[BlackTeamCountry "ENG"]

1. Nf3 Nf6 2. c4 e6 3. Nc3 b6 4. e4 Bb7 5. Bd3 d6 6. Bc2 c5 7. d4 Nbd7 8. O-O
Be7 9. d5 exd5 10. exd5 O-O 11. h3 Re8 12. Bf4 Ba6 13. b3 Nf8 14. Bh2 Ng6 15.
Qd2 Bf8 16. Rfe1 Qd7 17. a4 Ne7 18. Nb5 Bxb5 19. axb5 Rad8 20. Bf4 Nc8 21. Bg5
Be7 22. Qd3 g6 23. Rxe7 Qxe7 24. Re1 1-0

[Event "4NCL (GBR-chT 9394)"]
[Site "London, Barbican"]
[Date "1993.10.03"]
[Round "2.8"]
[White "Forbes, Cathy"]
[Black "Richmond, Jane"]
[Result "0-1"]
[WhiteElo "2105"]
[BlackElo "2056"]
[PlyCount "84"]
[EventDate "1993.10.03"]
[EventType "team"]
[EventCountry "ENG"]
[WhiteTeam "Covent Garden"]
[BlackTeam "Bristol"]
[WhiteTeamCountry "ENG"]
[BlackTeamCountry "ENG"]

1. d4 Nf6 2. Nf3 e6 3. c3 c5 4. e3 b6 5. Bd3 Ba6 6. O-O Be7 7. Re1 O-O 8. Bxa6
Nxa6 9. e4 d5 10. exd5 Qxd5 11. Qe2 Qb7 12. Bg5 cxd4 13. Nxd4 Nc5 14. Nd2 Qd5
15. Bh4 Rac8 16. a4 a6 17. Nc4 Ncd7 18. Ne3 Qe4 19. Bg3 Nc5 20. b4 Nd3 21. f3
Qg6 22. Nef5 exf5 23. Qxd3 f4 24. Nf5 Kh8 25. Bxf4 Rfd8 26. Qb1 Bf8 27. Be5 Rd2
28. Ng3 Qh6 29. Ra2 Rxa2 30. Qxa2 Qg6 31. Qe2 a5 32. bxa5 bxa5 33. Qb5 Bc5+ 34.
Bd4 Bxd4+ 35. cxd4 Qc2 36. Qxa5 Qb2 37. Nf5 g6 38. Qe5 gxf5 39. Qxf6+ Kg8 40.
h3 Qd2 41. Rf1 Rc2 42. Qd8+ Kg7 0-1

[Event "4NCL (GBR-chT 9394)"]
[Site "London, Barbican"]
[Date "1993.10.03"]
[Round "2.1"]
[White "McDonald, Neil"]
[Black "Howell, James"]
[Result "1/2-1/2"]
[WhiteElo "2395"]
[BlackElo "2505"]
[PlyCount "143"]
[EventDate "1993.10.03"]
[EventType "team"]
[EventCountry "ENG"]
[WhiteTeam "Invicta Knights"]
[BlackTeam "North West Eagles"]
[WhiteTeamCountry "ENG"]
[BlackTeamCountry "ENG"]

1. e4 e5 2. f4 exf4 3. Nf3 g5 4. Bc4 g4 5. O-O gxf3 6. Qxf3 Qf6 7. e5 Qxe5 8.
Bxf7+ Kxf7 9. d4 Qf5 10. Bxf4 Nf6 11. Nc3 Bg7 12. Rae1 d6 13. Qe2 Nc6 14. Be5
Qg4 15. Bxf6 Bxf6 16. Qxg4 Bxg4 17. Nd5 h5 18. Nxf6 Kg6 19. Nxg4 hxg4 20. Re4
Rhf8 21. Rxg4+ Kh5 22. h3 Rxf1+ 23. Kxf1 Rf8+ 24. Ke2 Rf6 25. c3 Rg6 26. Rxg6
Kxg6 27. Kf3 Ne7 28. Kf4 Nd5+ 29. Ke4 Nf6+ 30. Kf4 Nd5+ 31. Ke4 c6 32. g3 Kg5
33. Kf3 Nf6 34. Ke3 b5 35. Kf3 a6 36. Ke3 a5 37. Kf3 a4 38. a3 d5 39. g4 Ne4
40. Ke3 Nd6 41. Kf3 Nc4 42. h4+ Kxh4 43. Kf4 Nxb2 44. g5 Kh5 45. Kf5 Nc4 46. g6
Ne3+ 47. Kf6 Ng4+ 48. Kf7 Nh6+ 49. Kf6 Ng8+ 50. Kf7 Nh6+ 51. Kf6 Ng4+ 52. Kf7
Kg5 53. g7 Nf6 54. Ke6 Kg6 55. Kd6 Kxg7 56. Kxc6 Kf7 57. Kxb5 Ne4 58. Kb4 Nd2
59. Kxa4 Nc4 60. Kb4 Ke6 61. a4 Kd6 62. Kb5 Kc7 63. Kc5 Ne3 64. a5 Kb7 65. c4
dxc4 66. Kb4 Kc6 67. a6 Kb6 68. d5 Kxa6 69. d6 Kb6 70. d7 Kc7 71. Kc3 Kxd7 72.
Kd4 1/2-1/2

[Event "4NCL (GBR-chT 9394)"]
[Site "London, Barbican"]
[Date "1993.10.03"]
[Round "2.2"]
[White "Horner, Jeff"]
[Black "Morris, Philip"]
[Result "1-0"]
[WhiteElo "2384"]
[BlackElo "2380"]
[PlyCount "63"]
[EventDate "1993.10.03"]
[EventType "team"]
[EventCountry "ENG"]
[WhiteTeam "North West Eagles"]
[BlackTeam "Invicta Knights"]
[WhiteTeamCountry "ENG"]
[BlackTeamCountry "ENG"]

1. e4 e5 2. Nf3 Nc6 3. Bb5 a6 4. Ba4 Nf6 5. Qe2 b5 6. Bb3 Bc5 7. c3 O-O 8. O-O
d5 9. d3 dxe4 10. dxe4 Qe7 11. Bd5 Bb7 12. Bg5 Nd8 13. Bxb7 Nxb7 14. Nbd2 h6
15. Bh4 Qe6 16. Bg3 Nd7 17. Ne1 Nd6 18. Nd3 Bb6 19. Kh1 c6 20. f4 exf4 21. Nxf4
Qe7 22. Nd3 Rae8 23. Rae1 Nc5 24. e5 Qe6 25. Nf4 Qxa2 26. Qg4 Ndb7 27. Nh5 Ne6
28. Ne4 Kh8 29. Nhf6 Rd8 30. Qf5 g6 31. Qh3 Kg7 32. Ng4 {time} 1-0

[Event "4NCL (GBR-chT 9394)"]
[Site "London, Barbican"]
[Date "1993.10.03"]
[Round "2.4"]
[White "Carleton, John"]
[Black "Chandler, Cliff"]
[Result "0-1"]
[WhiteElo "2479"]
[BlackElo "2288"]
[PlyCount "42"]
[EventDate "1993.10.03"]
[EventType "team"]
[EventCountry "ENG"]
[WhiteTeam "North West Eagles"]
[BlackTeam "Invicta Knights"]
[WhiteTeamCountry "ENG"]
[BlackTeamCountry "ENG"]

1. b3 e5 2. Bb2 Nc6 3. e3 d5 4. Bb5 Bd6 5. d4 exd4 6. Qxd4 Nf6 7. Nc3 O-O 8.
Bxc6 bxc6 9. Nf3 Bf5 10. O-O-O Qe7 11. Nh4 Bd7 12. g4 Bc5 13. Qf4 Nxg4 14. Nf5
Bxf5 15. Qxf5 Nxf2 16. Rhg1 Bxe3+ 17. Kb1 d4 18. Ba3 Nxd1 19. Rxg7+ Kxg7 20.
Bxe7 Nxc3+ 21. Kb2 Nd5 0-1

[Event "4NCL (GBR-chT 9394)"]
[Site "London, Barbican"]
[Date "1993.10.03"]
[Round "2.6"]
[White "Smith, Alan A"]
[Black "Dickenson, Neil"]
[Result "1/2-1/2"]
[WhiteElo "2265"]
[BlackElo "2232"]
[PlyCount "47"]
[EventDate "1993.10.03"]
[EventType "team"]
[EventCountry "ENG"]
[WhiteTeam "North West Eagles"]
[BlackTeam "Invicta Knights"]
[WhiteTeamCountry "ENG"]
[BlackTeamCountry "ENG"]

1. e4 e6 2. d4 d5 3. Nc3 Bb4 4. e5 c5 5. a3 Bxc3+ 6. bxc3 Ne7 7. Nf3 Nbc6 8.
Be2 Qa5 9. Bd2 Bd7 10. O-O f6 11. c4 Qc7 12. cxd5 Nxd5 13. c4 Nde7 14. exf6
gxf6 15. d5 exd5 16. cxd5 Nxd5 17. Bc4 Nde7 18. Bh6 O-O-O 19. Bg7 Bg4 20. Qb3
Rhg8 21. Bxf6 Rg6 22. Be6+ Bxe6 23. Qxe6+ Qd7 24. Qxd7+ 1/2-1/2

[Event "4NCL (GBR-chT 9394)"]
[Site "London, Barbican"]
[Date "1993.10.03"]
[Round "2.7"]
[White "Sugden, John"]
[Black "James, David"]
[Result "1/2-1/2"]
[WhiteElo "2240"]
[BlackElo "2255"]
[PlyCount "42"]
[EventDate "1993.10.03"]
[EventType "team"]
[EventCountry "ENG"]
[WhiteTeam "Invicta Knights"]
[BlackTeam "North West Eagles"]
[WhiteTeamCountry "ENG"]
[BlackTeamCountry "ENG"]

1. e4 c5 2. Nc3 Nc6 3. g3 g6 4. Bg2 Bg7 5. d3 e6 6. f4 d6 7. Nf3 Nge7 8. O-O
O-O 9. Bd2 Rb8 10. Rb1 b5 11. a3 Qc7 12. g4 f5 13. gxf5 exf5 14. Nd5 Nxd5 15.
exd5 Nd4 16. c3 Nxf3+ 17. Qxf3 Bd7 18. Rfe1 Rfe8 19. Rxe8+ Rxe8 20. Re1 Qd8 21.
Rxe8+ Qxe8 1/2-1/2